Sein und zeit

Gardado en:
Detalles Bibliográficos
Formato: Libro
Idioma:Lingua castelá
Publicado: Tubinga Max Niemeyer 1967
Subjects:
Tags: Engadir etiqueta
Sen Etiquetas, Sexa o primeiro en etiquetar este rexistro!

MARC

LEADER 00000nam a2200000 a 4500
001 UCZ2237
003 CL-VaPUC
008 950926e19670000GW |||||||||||||||||spa|d
082 0 4 |a 193  |b HEI  |2 21 
245 1 0 |a Sein und zeit 
300 |a 437 p 
942 |c BK 
945 |d 19950926 00:00:00  |a lriquelm 
260 |a Tubinga  |b Max Niemeyer  |c 1967 
650 0 |a Filosofía alemana   |9 265002 
583 |a last modification  |c 19950926 00:00:00  |k Rodrigo Vera 
999 |c 238875  |d 238873 
952 |0 0  |1 0  |4 0  |6 193_000000000000000_HEI_1967  |7 0  |8 P  |9 249455  |a BIBEDU  |b BIBEDU  |c BIBEDU_PB  |d 2019-11-18  |i 1566474  |l 1  |o 193 HEI 1967  |p 1566474  |r 2025-04-21  |s 2025-04-14  |w 2019-11-18  |y BK  |k FIL